000
00303nam a22001337a 4500
008
170529b xxu||||| |||| 00| 0 eng d
020
_a
0070523894
041
_a
eng
080
_2
12TH
_a
621.3
100
_a
27
101
_a
IM
245
_a
PRACTICAL ELECTRICAL WIRING
_c
RICHTER, H.P
942
_2
udc
_c
BK
999
_c
14781
_d
14781